[Event "GER-chT U20 Girls"]
[Site "Hamburg"]
[Date "2001.12.29"]
[Round "6.1"]
[White "Diebig, Maja"]
[Black "Renner, Karin"]
[Result "1/2-1/2"]
[WhiteElo "1622"]
[BlackElo "1241"]
[PlyCount "51"]
[EventDate "2001.12.??"]
[EventType "team"]
[EventRounds "7"]
[EventCountry "GER"]
[SourceTitle "EXT 2003"]
[Source "ChessBase"]
[SourceDate "2002.11.25"]
[SourceVersion "1"]
[SourceVersionDate "2002.11.25"]
[SourceQuality "1"]

1. d4 b6 2. e4 Bb7 3. Nc3 Nf6 4. Bd3 d5 5. e5 Ne4 6. Nxe4 dxe4 7. Bc4 e6 8. Ne2 Be7 9. 0-0 0-0 10. a3 Bg5 11. Re1 Bxc1 12. Qxc1 c5 13. c3 Bd5 14. Ba2 Nc6 15. Qe3 Ne7 16. Bb1 Nf5 17. Qd2 Qh4 18. dxc5 e3 19. fxe3 Nxe3 20. Bxh7+ Qxh7 21. Qxe3 Qe4 22. Qxe4 Bxe4 23. cxb6 axb6 24. Red1 Ra5 25. Nd4 Rxe5 26. Re1 1/2-1/2

[Event "GER-chT U20 Girls"]
[Site "Hamburg"]
[Date "2001.12.29"]
[Round "5.1"]
[White "Renner, Karin"]
[Black "Wolf, Antje"]
[Result "1/2-1/2"]
[WhiteElo "1241"]
[BlackElo "1490"]
[PlyCount "27"]
[EventDate "2001.12.??"]
[EventType "team"]
[EventRounds "7"]
[EventCountry "GER"]
[SourceTitle "EXT 2003"]
[Source "ChessBase"]
[SourceDate "2002.11.25"]
[SourceVersion "1"]
[SourceVersionDate "2002.11.25"]
[SourceQuality "1"]

1. c4 e5 2. Nc3 Nf6 3. g3 c6 4. d4 exd4 5. Qxd4 Be7 6. Bg2 0-0 7. Nf3 d6 8. 0-0 Be6 9. Ng5 Nbd7 10. Nxe6 fxe6 11. Be3 d5 12. cxd5 exd5 13. Bf4 Bc5 14. Qd3 1/2-1/2